| 000 | 00829nam a2200229 a 4500 | ||
|---|---|---|---|
| 001 | 65355 | ||
| 003 | BD-RjUL | ||
| 005 | 20211209081419.0 | ||
| 008 | 170305s1985 ii ||||| |||| 00| 0 eng d | ||
| 020 | _cTk. 45.00 | ||
| 035 | _a(BD-RjUL)65485 | ||
| 040 |
_aBD-RjUL _bben _cBD-RjUL |
||
| 041 | _aben | ||
| 082 |
_223 _a891.44408 _bSOM 1985 |
||
| 245 | 0 | 0 |
_aসমসাময়িক দৃষ্টিতে সুনীতিকুমার / _cপল্লব মিত্র |
| 260 |
_aকলিকাতা _bনাথ ব্রাদার্স _c১৯৮৫ |
||
| 300 |
_a ৩৭৫ পৃ _c২১ সেমি |
||
| 650 |
_aবাংলা প্রবন্ধ _xসংগ্রহ _9170370 |
||
| 650 |
_aBengali Essays _xCollection _9193426 |
||
| 700 |
_aমিত্র, পল্লব _9176779 |
||
| 942 |
_2ddc _cBK |
||
| 999 |
_c65355 _d65355 |
||